An introduction to generalized linear models / (رقم التسجيلة. 882)

تفاصيل مارك
000 -الفاتح
حقل البيانات ثابتة الطول 01159cam a2200301 a 4500
001 - رقم الضبط
رقم الضبط 12506644
003 - محدد رقم الضبط
رقم الضبط OSt
005 - وقت وتاريخ اخر تعامل مع التسجيلة
رقم الضبط 20150408113724.0
008 - عناصر البيانات ثابتة الطول - معلومات عامة
حقل البيانات ثابتة الطول 010817s2002 flua b 001 0 eng
010 ## - رقم ضبط مكتبة الكونجرس
رقم ضبط مكتبة الكونجرس 2001047417
020 ## - الرقم الدولى المعيارى للكتب
الرقم الدولى المعيارى للكتاب 1584881658 (pbk. : alk. paper)
040 ## - مصدر الفهرسة
وكالة الفهرسة الأصلية DLC
وكالة النسخ DLC
وكالة التعديل DLC
050 00 - رقم طلب مكتبة الكونجرس
رقم التصنيف QA276
رقم المادة .D589 2002
082 00 - رقم تصنيف ديوى العشرى
رقم التصنيف 519.5/35
رقم الطبعة 21
100 1# - المدخل الرئيسى - إسم شخصى
الإسم الشخصى Dobson, Annette J.,
التواريخ المصاحبة للاسم 1945-
9 (RLIN) 4664
245 13 - بيان العنوان
العنوان An introduction to generalized linear models /
بيان المسئوليه,etc Annette J. Dobson.
250 ## - بيان الطبعة
بيان الطبعة 2nd ed.
260 ## - PUBLICATION, DISTRIBUTION, ETC. (IMPRINT)
مكان الناشر او الموزع Boca Raton :
اسم الناشر او الموزع Chapman & Hall/CRC,
تاريخ النشر أو التوزيع c2002.
300 ## - الوصف المادى
التعداد vii, 225 p. :
تفاصيل ماديه اخرى للوعاء ill. ;
أبعاد الوعاء 24 cm.
490 1# - بيان السلسلة
عنوان السلسلة Chapman & Hall/CRC texts in statistical science series
504 ## - تبصرة ببليوجرافية
تبصرة ببليوجرافية,الخ Includes bibliographical references (p. [215]-219) and index.
650 #0 - المدخل الاضافى بالموضوع-مصطلح موضوعى
مصطلح موضوعي أو اسم جغرافي كعنصر مدخل Linear models (Statistics)
9 (RLIN) 4665
830 #0 - المدخل الاضافى بالسلسلة -عنوان موحد
عنوان موحد Texts in statistical science.
9 (RLIN) 4666
856 42 - الوصول و الموقع الالكترونى
مواد محددة Publisher description
معرف المصدر الموحد <a href="http://www.loc.gov/catdir/enhancements/fy0646/2001047417-d.html">http://www.loc.gov/catdir/enhancements/fy0646/2001047417-d.html</a>
906 ## - عنصر بيانات محلى F, LDF (RLIN)
a 7
b cbc
c orignew
d 1
e ocip
f 20
g y-gencatlg
942 ## - عناصر المدخل الإضافي( كوها)
مصدر التصنيف او مخطط الترفيف Dewey Decimal Classification
Koha [default] item type كتاب
المقتنيات
حالة الفقد نموذج السعر الفعال حالة تلف ليس للاعارة رقم الطلب تاريخ الاكتساب الموقع الحالي الباركود الفرع الرئيسي Date last seen نوع المادة فى نظام كوها مصدر التصنيف او خطة الترفيف Total Checkouts
  2013-03-10     519.535 D A I 2011-09-20 المكتبة المركزية بالمجمعة (CL) 00050566 المكتبة المركزية بالمجمعة (CL) 2013-03-10 كتاب Dewey Decimal Classification  
  2013-03-10     519.535 D A I 2011-09-20 المكتبة المركزية بالمجمعة (CL) 00050565 المكتبة المركزية بالمجمعة (CL) 2013-03-10 كتاب Dewey Decimal Classification  
  2013-03-10     519.535 D A I 2011-09-20 المكتبة المركزية بالمجمعة (CL) 00050563 المكتبة المركزية بالمجمعة (CL) 2013-03-10 كتاب Dewey Decimal Classification